Central Library OPAC University of Rajshahi

জিয়া, খালেদা জিয়া ও বিএনপি' / (Record no. 47753)

MARC details
000 -LEADER
fixed length control field 00884nam a2200229 a 4500
001 - CONTROL NUMBER
control field 47753
003 - CONTROL NUMBER IDENTIFIER
rucl marc code BD-RjUL
005 - DATE AND TIME OF LATEST TRANSACTION
control field 20230115100416.0
008 - FIXED-LENGTH DATA ELEMENTS--GENERAL INFORMATION
fixed length control field 160810s2002 bg ||||| |||| 00| e ben d
020 ## - INTERNATIONAL STANDARD BOOK NUMBER
International Standard Book Number 9847510288
035 ## - SYSTEM CONTROL NUMBER
System control number (BD-RjUL)47872
040 ## - CATALOGING SOURCE
Original cataloging agency BD-RjUL
Language of cataloging ben
Transcribing agency BD-RjUL
Modifying agency BD-RjUL
041 ## - LANGUAGE CODE
Language code of text/sound track or separate title ben
082 ## - DEWEY DECIMAL CLASSIFICATION NUMBER
Edition number 23
Classification number 320.5492
Author mark and year MOZ 2002
100 1# - MAIN ENTRY--PERSONAL NAME
Personal name মোহন, মহিউদ্দিন খান
9 (RLIN) 145026
245 1# - TITLE STATEMENT
Title জিয়া, খালেদা জিয়া ও বিএনপি' /
Statement of responsibility, etc. মহিউদ্দিন খান মোহন
260 ## - PUBLICATION, DISTRIBUTION, ETC. (IMPRINT)
Place of publication, distribution, etc. ঢাকা :
Name of publisher, distributor, etc. মৌলি প্রকাশনী,
Date of publication, distribution, etc. ২০০২
300 ## - PHYSICAL DESCRIPTION
Pagination ১৫১ পৃ. ;
Size ২০ সেমি.
650 ## - SUBJECT ADDED ENTRY--TOPICAL TERM
Topical term or geographic name as entry element রাজনীতি ও সরকার
Geographic subdivision বাংলাদেশ
9 (RLIN) 145056
Topical term or geographic name as entry element Politics and government
Geographic subdivision Bangladesh
9 (RLIN) 145057
942 ## - ADDED ENTRY ELEMENTS (KOHA)
Source of classification or shelving scheme Dewey Decimal Classification
Koha item type Books
Holdings
Lost status Source of classification or shelving scheme Damaged status Not for loan Collection code Permanent Location Current Location Shelving location Date acquired Source of acquisition Cost, normal purchase price Total Checkouts Full call number Date last seen Copy number Koha item type
  Dewey Decimal Classification     Non-fiction Central Library, University of Rajshahi Central Library, University of Rajshahi   14/09/2003 Paragon Enterprise, Dhaka 150.00   B 320.5492 MOZ 2002 10/08/2016 C-2 Books
  Dewey Decimal Classification   Not For Loan Non-fiction Central Library, University of Rajshahi Central Library, University of Rajshahi Reading Room 14/09/2003 Dhaka : Paragon Enterprise Ltd. 150.00   B 320.5492 MOZ 2002 15/01/2023 C-1 Books